1510 1181 1749 1021 1178 1444 1862 1745 1944 1255 1805 1160 1364 1877 1787 1429 1372 1213 1296 1062 1243 1596 1896 1013 1998 1329 1206 1161 1132 1515 1623 1217 1555 1117 1665 1326 1686 1013 1261 1420 1296 1060 1238 1071 1261 1291 1530 1880 1939 1936 1176 1512 1184 1442 1553 1705 1612 1350 1988 1222 1008 1133 1020 1623 1009 1562 1822 1046 1599 1451 1352 1000 1921 1815 1773 1157 1549 1319 1303 1528 1501 1498 1163 1328 1033 1914 1935 1350 1264 1763 1201 1818 1210 1321 1078 1826 1939 1903 1868 BCNSPRNW ULIB Ver.6.0+V

เปลี่ยนเป็นภาษาไทย

Change to English
 แสดงรายละเอียดบรรณานุกรม
  กลับหน้าหลัก

Brief Record : Get Marc (ISO 2709) : E-mail record : QR code < ปิดหน้าต่าง
LEADER : 00000nam 2200000uu 4500
001    13399127094
003     ULIB
008    191010s2559||||th 000 0 tha d
020    ^a9786162277269
060    ^aWS103^bต-ต
100    ^aตุ๊บป่อง
245    ^aตบแผละ ชุดไปเล่นกับเพื่อน
250    ^aพิมพ์ครั้งที่ 1
260    ^aกรุงเทพฯ :^bบริษัท แปลน ฟอร์ คิดส์ จำกัด,^c2559
300    ^a20 หน้า;^b21 ซม.
650    ^aเด็ก^xการเรียนการสอน
945    ^p85^l0^i006282
999    ^aประนอม เกษจรัล
รายการนี้ยังไม่มีแท็ก
คุณยังไม่ได้ล็อกอิน คุณสามารถมีกิจกรรมร่วมกับเว็บไซต์ได้ แต่ต้องล็อกอินก่อน ::
  ล็อกอิน

รายการสื่อสารสนเทศ

ลำดับที่ ประเภท เลขเรียก/บาร์โค้ด สถานที่ สถานะ
1. วิทยาศาสตร์การแพทย์ และสุขภาพ
วิทยาศาสตร์การแพทย์ และสุขภาพ
WS103 ต-ต ฉ.1 
  Barcode: 006282
ห้องสมุดวิทยาเขตสวรรค์ประชารักษ์
►หนังสือทั่วไป
บนชั้น

รายการใกล้เคียง
    ผู้แต่ง [ตุ๊บป่อง]

BibComment


ยังไม่เคยถูกคอมเมนท์

คอมเมนท์ทรัพยากรรายการนี้
  คอมเมนท์: ตบแผละ ชุดไปเล่น..


 Copyright 2026. Bcnsprnw @Library